Equipements d'équitation - Statistiques

Statistiques générales
  • Ce quiz a été pris 51 fois
  • Le résultat moyen est 8 sur 10
Answers on the Grid
Answers color-coded by a green-red scale on the quiz's grid according to % correct below.
Bombe
Cravache
Tapis
Selle
Amortisseur
Gilet de protection
Licol
Étriers
Longe
Fer à cheval
Ceinture en cuir
Harnais
Collier en cuir
Corde de ranch
Fouet de dressage canin
Filet de pêche
Laisse
Mousqueton
Porte-clés
Sacoche
 
Statistiques - réponses
Réponse % Correct
Bombe
100%
Tapis
86%
Cravache
80%
Étriers
80%
Licol
80%
Longe
80%
Selle
80%
Amortisseur
71%
Fer à cheval
69%
Gilet de protection
51%
Aucun quiz correspondant
Distribution des résultats
% des personnes avec chaque résultat
Percentile par nombre de réponses
Votre historique - résultats
Vous n’avez pas pris ce quiz